[Event "Prague International Open"]
[Site "Prague CZE"]
[Date "2021.06.16"]
[Round "3.4"]
[White "Krzyzanowski, Marcin"]
[Black "Pavlidis, Anastasios"]
[Result "1-0"]
[WhiteTitle "GM"]
[BlackTitle "IM"]
[WhiteElo "2503"]
[BlackElo "2333"]
[WhiteFideId "1132199"]
[BlackFideId "4208404"]
[EventDate "2021.06.14"]

1. c4 Nf6 2. d4 g6 3. g3 Bg7 4. Bg2 O-O 5. Nc3 d6 6. Nf3 Nbd7 7. O-O e5 8. Qc2
Re8 9. Rd1 c6 10. dxe5 dxe5 11. e4 Qc7 12. h3 Nc5 13. Be3 Bf8 14. b4 Ne6 15. c5
b6 16. cxb6 axb6 17. Qb2 Bb7 18. Rac1 Qe7 19. Nxe5 Qxb4 20. Qxb4 Bxb4 21. Nc4
Bxc3 22. Rxc3 c5 23. Nxb6 Rxa2 24. Nd5 Nd7 25. Nc7 Re7 26. Nxe6 fxe6 27. Rd6 Nf6
28. Rd8+ Kg7 29. Bxc5 Rf7 30. Bd4 Kh6 31. Rf3 1-0

[Event "Prague International Open"]
[Site "Prague CZE"]
[Date "2021.06.16"]
[Round "3.5"]
[White "Kulhanek, Tomas"]
[Black "Petr, Martin"]
[Result "0-1"]
[WhiteTitle "IM"]
[BlackTitle "GM"]
[WhiteElo "2315"]
[BlackElo "2489"]
[WhiteFideId "309656"]
[BlackFideId "318299"]
[EventDate "2021.06.14"]

1. e4 e6 2. d4 d5 3. Nd2 c5 4. exd5 Qxd5 5. Ngf3 cxd4 6. Bc4 Qd7 7. O-O Nc6 8.
Nb3 a6 9. Nbxd4 Nxd4 10. Nxd4 Qc7 11. Bb3 Bd6 12. h3 Nf6 13. Re1 O-O 14. Bg5
Bh2+ 15. Kh1 Be5 16. c3 h6 17. Nf3 Bxc3 18. Rc1 hxg5 19. Rxc3 Qb6 20. Qc2 Bd7
21. Nxg5 Rac8 22. Ree3 Rxc3 23. bxc3 Rd8 24. Ne4 Nxe4 25. Qxe4 Bc6 26. Qe5 Qb5
27. Qxb5 Bxb5 28. a4 Bc6 29. Bc2 Rd2 30. Be4 Rxf2 31. Bxc6 bxc6 32. Re4 Rf5 33.
Rb4 Rc5 34. Rb6 a5 35. Ra6 g5 36. Kg1 Kg7 37. Kf2 f5 38. Ke2 Rxc3 39. Rxa5 Kf6
40. Ra8 Ke5 41. a5 Kf4 42. a6 Rc2+ 43. Kf1 Ra2 44. a7 e5 45. Rf8 Rxa7 46. g4 Ke4
47. Rxf5 Rg7 48. Ke2 c5 49. Kd2 Kd4 50. Rf8 Rh7 51. Rg8 Rxh3 52. Rxg5 Rh2+ 53.
Kd1 e4 54. Rg8 Ke3 55. g5 Rd2+ 56. Kc1 Rg2 57. Kd1 c4 58. g6 Rd2+ 59. Kc1 Rd6
60. g7 Rd7 61. Kc2 Kd4 62. Kd2 e3+ 63. Ke2 c3 64. Rh8 Rxg7 65. Rh4+ Kc5 66. Kd3
Re7 67. Rh5+ Kb4 68. Rh1 0-1

[Event "Prague International Open"]
[Site "Prague CZE"]
[Date "2021.06.16"]
[Round "3.6"]
[White "Blohberger, Felix"]
[Black "Serrano Salvador, Eduardo"]
[Result "1-0"]
[WhiteTitle "IM"]
[BlackTitle "FM"]
[WhiteElo "2475"]
[BlackElo "2280"]
[WhiteFideId "1632051"]
[BlackFideId "2214075"]
[EventDate "2021.06.14"]

1. e4 e5 2. Nf3 Nc6 3. Bb5 a6 4. Ba4 b5 5. Bb3 Na5 6. O-O d6 7. d4 Nxb3 8. axb3
f6 9. Qd3 Bb7 10. c4 b4 11. d5 Ne7 12. Be3 c5 13. dxc6 Nxc6 14. Nbd2 Be7 15.
Rad1 g6 16. Ne1 O-O 17. f4 exf4 18. Bxf4 Ne5 19. Qe2 Qb6+ 20. Be3 Qc7 21. Nd3
Nxd3 22. Qxd3 Rae8 23. h4 Qc8 24. Rf4 f5 25. Rdf1 Qc6 26. h5 fxe4 27. Qe2 d5 28.
cxd5 Qxd5 29. hxg6 hxg6 30. Qg4 Kg7 31. Nc4 Bc5 32. Rxf8 Rxf8 33. Rd1 Bxe3+ 34.
Nxe3 Qc5 35. Qg3 Bc6 36. Qe1 Bb5 37. Rd5 Qb6 38. Qg3 Rf7 39. Rd6 Qc5 40. Rxg6+
Kf8 41. Rg8+ Ke7 42. Qh4+ Kd6 43. Qd8+ Kc6 44. Qc8+ Kb6 45. Rg6+ Bc6 46. Rxc6+ 1-0

[Event "Prague International Open"]
[Site "Prague CZE"]
[Date "2021.06.16"]
[Round "3.7"]
[White "Hollan, Petr"]
[Black "Kraus, Tomas"]
[Result "1/2-1/2"]
[WhiteTitle "FM"]
[BlackTitle "IM"]
[WhiteElo "2275"]
[BlackElo "2466"]
[WhiteFideId "360945"]
[BlackFideId "331708"]
[EventDate "2021.06.14"]

1. e4 c6 2. d4 d5 3. e5 c5 4. Nf3 Bg4 5. Bb5+ Nc6 6. c4 cxd4 7. Qxd4 Bxf3 8.
gxf3 Qa5+ 9. Qd2 Qxd2+ 10. Nxd2 O-O-O 11. Bxc6 bxc6 12. cxd5 cxd5 13. Nb3 e6 14.
Be3 Kb7 15. Rc1 Ne7 16. Na5+ Ka6 17. Nb3 Kb7 18. Na5+ Ka6 19. Nb3 1/2-1/2

[Event "Prague International Open"]
[Site "Prague CZE"]
[Date "2021.06.16"]
[Round "3.8"]
[White "Rasik, Vitezslav"]
[Black "Pahl, Theis"]
[Result "1/2-1/2"]
[WhiteTitle "GM"]
[WhiteElo "2451"]
[BlackElo "2123"]
[WhiteFideId "300306"]
[BlackFideId "16201264"]
[EventDate "2021.06.14"]

1. e4 g6 2. d4 Nf6 3. e5 Nh5 4. Be2 d6 5. Nf3 Bg7 6. O-O Nc6 7. exd6 exd6 8. Bg5
Nf6 9. Re1 O-O 10. Qc1 Re8 11. h3 Bf5 12. c3 Qd7 13. Bh6 Bh8 14. Nbd2 Ne4 15.
Nf1 d5 16. Qf4 Qd6 17. Ne3 Ne7 18. Qxd6 Nxd6 19. Bf4 Rad8 20. Nxf5 Nexf5 21. Bd3
Ng7 22. Rxe8+ Ndxe8 23. g4 Ne6 24. Bg3 Bf6 25. Re1 Be7 26. Ne5 Bd6 27. h4 N8g7
28. g5 Nh5 29. Bh2 Nef4 30. Bf1 h6 31. Re3 1/2-1/2

[Event "Prague International Open"]
[Site "Prague CZE"]
[Date "2021.06.16"]
[Round "3.9"]
[White "Navrotescu, Andreea"]
[Black "Hrabusa, Matej"]
[Result "0-1"]
[WhiteTitle "WIM"]
[BlackTitle "IM"]
[WhiteElo "2253"]
[BlackElo "2359"]
[WhiteFideId "675946"]
[BlackFideId "14908042"]
[EventDate "2021.06.14"]

1. d4 Nf6 2. c4 e6 3. Nc3 Bb4 4. e3 O-O 5. Ne2 c6 6. a3 Ba5 7. c5 d6 8. cxd6
Qxd6 9. b4 Bc7 10. g3 e5 11. Bg2 Re8 12. O-O e4 13. Qc2 Bf5 14. f3 exf3 15. Qxf5
fxg2 16. Kxg2 Qe7 17. Kg1 Nbd7 18. e4 Bb6 19. Rf2 Qe6 20. Qf3 Rad8 21. Bg5 h6
22. Bxf6 Nxf6 23. Rd1 Rd7 24. Nf4 Qg4 25. Qe3 Rxe4 26. Nxe4 Qxd1+ 27. Kg2 Ng4
28. Qe2 Rxd4 29. Nc3 Qxe2 30. Rxe2 Nf6 31. Re7 Rd7 32. Rxd7 Nxd7 33. Kf3 f5 34.
Nd3 Kf7 35. g4 Kf6 36. gxf5 Kxf5 37. Ne4 Ne5+ 38. Nxe5 Kxe5 39. h4 h5 40. a4 Bd8
41. Nc5 b6 42. Nd3+ Kf5 43. Nf4 g6 44. Ng2 a6 45. Ne3+ Ke5 0-1

[Event "Prague International Open"]
[Site "Prague CZE"]
[Date "2021.06.16"]
[Round "3.10"]
[White "Holemar, David"]
[Black "Sorm, Daniel"]
[Result "0-1"]
[WhiteTitle "FM"]
[BlackTitle "FM"]
[WhiteElo "2229"]
[BlackElo "2345"]
[WhiteFideId "307009"]
[BlackFideId "5400139"]
[EventDate "2021.06.14"]

1. d4 d6 2. e4 Nf6 3. Nc3 Nbd7 4. Nf3 e5 5. Bd3 Be7 6. O-O O-O 7. Re1 c6 8. a4
Re8 9. a5 Bf8 10. h3 exd4 11. Nxd4 Qc7 12. Bg5 h6 13. Bh4 g6 14. Qd2 Bg7 15. Nb3
g5 16. Bg3 Nh5 17. Bh2 Be5 18. Bxe5 dxe5 19. Be2 Nf4 20. Rad1 Nf8 21. Qd6 Qxd6
22. Rxd6 Be6 23. Nc5 b6 24. Na6 Nxe2+ 25. Nxe2 Rec8 26. axb6 axb6 27. Nb4 c5 28.
Nc6 Ng6 29. Nc3 Kg7 30. Red1 Bc4 31. b3 Ba6 32. Ne7 Nxe7 0-1

[Event "Prague International Open"]
[Site "Prague CZE"]
[Date "2021.06.16"]
[Round "4.1"]
[White "Plat, Vojtech"]
[Black "Krzyzanowski, Marcin"]
[Result "1/2-1/2"]
[WhiteTitle "GM"]
[BlackTitle "GM"]
[WhiteElo "2521"]
[BlackElo "2503"]
[WhiteFideId "325740"]
[BlackFideId "1132199"]
[EventDate "2021.06.14"]

1. e4 c5 2. Nf3 d6 3. d4 cxd4 4. Nxd4 Nf6 5. Nc3 Nc6 6. Be2 e5 7. Nf3 h6 8. h3
Be7 9. Be3 Be6 10. O-O O-O 11. Qc1 d5 12. exd5 1/2-1/2

[Event "Prague International Open"]
[Site "Prague CZE"]
[Date "2021.06.16"]
[Round "4.3"]
[White "Greenfeld, Alon"]
[Black "Blohberger, Felix"]
[Result "1/2-1/2"]
[WhiteTitle "GM"]
[BlackTitle "IM"]
[WhiteElo "2507"]
[BlackElo "2475"]
[WhiteFideId "2800039"]
[BlackFideId "1632051"]
[EventDate "2021.06.14"]

1. d4 d5 2. c4 c6 3. Nf3 Nf6 4. Nc3 e6 5. e3 Nbd7 6. Bd3 dxc4 7. Bxc4 b5 8. Bd3
Bd6 9. Qc2 a6 10. e4 e5 11. dxe5 Nxe5 12. Nxe5 Bxe5 13. Be3 O-O 14. O-O-O Qa5
15. f4 Ng4 16. Bd2 Bxc3 17. Bxc3 Qxa2 18. Qe2 c5 19. f5 Nh6 20. Bb1 Qa4 21. Qe3
f6 22. Qxc5 Nf7 23. Rd4 b4 24. Rxb4 Qe8 25. Rd1 Bd7 26. Rb7 Rc8 27. Rc7 Rxc7 28.
Qxc7 Ba4 29. Rd4 Ne5 30. Ba2+ Kh8 31. Qc5 Bb5 32. Bb4 Qc8 33. Be6 Qxc5+ 34. Bxc5
Ra8 35. Kd2 Bf1 36. Ke3 Bxg2 37. Rd1 h5 38. Ra1 h4 39. b4 Rd8 40. Bd5 Ng4+ 41.
Kf4 Nxh2 42. Rxa6 h3 43. Kg3 Nf1+ 44. Kf2 Rxd5 45. exd5 Bxd5 46. Bd6 h2 47. Bxh2
Nxh2 48. Kg3 1/2-1/2

[Event "Prague International Open"]
[Site "Prague CZE"]
[Date "2021.06.16"]
[Round "4.4"]
[White "Kraus, Tomas"]
[Black "Sreyas, Payyappat"]
[Result "1/2-1/2"]
[WhiteTitle "IM"]
[BlackTitle "FM"]
[WhiteElo "2466"]
[BlackElo "2303"]
[WhiteFideId "331708"]
[BlackFideId "46674969"]
[EventDate "2021.06.14"]

1. e4 c6 2. c4 d5 3. exd5 cxd5 4. cxd5 Nf6 5. Bb5+ Nbd7 6. Nc3 g6 7. d4 Bg7 8.
d6 exd6 9. Qe2+ Qe7 10. Bf4 Qxe2+ 11. Bxe2 d5 12. Nb5 O-O 13. Bd6 Ne4 14. Bxf8
Bxf8 15. a3 Nb6 16. f3 Ng5 17. Nc7 Rb8 18. h4 Bd6 19. Rc1 Bf4 20. Rc5 Ne6 21.
Nxe6 Bxe6 22. Bd3 Bg3+ 23. Kd1 Nc4 24. Bxc4 dxc4 25. Ne2 Bd6 26. Ra5 Bc7 27. Rc5
Bd6 28. Ra5 Bc7 29. Rc5 Bd6 1/2-1/2

[Event "Prague International Open"]
[Site "Prague CZE"]
[Date "2021.06.16"]
[Round "4.5"]
[White "Seemann, Jakub"]
[Black "Rasik, Vitezslav"]
[Result "1/2-1/2"]
[WhiteTitle "FM"]
[BlackTitle "GM"]
[WhiteElo "2305"]
[BlackElo "2451"]
[WhiteFideId "21874697"]
[BlackFideId "300306"]
[EventDate "2021.06.14"]

1. e4 d6 2. d4 g6 3. Nc3 Bg7 4. Nf3 Nf6 5. Be3 O-O 6. Qd2 a6 7. Bd3 Nc6 8. h3 e5
9. d5 Ne7 10. Bh6 Bd7 11. O-O-O c6 12. dxc6 Bxc6 13. Bxg7 Kxg7 14. h4 h5 15. Ng5
d5 16. f3 Qa5 17. exd5 Nexd5 18. Nxd5 Qxd2+ 19. Rxd2 Bxd5 20. c4 Rac8 21. Rc2
Bc6 22. Re1 Rfe8 23. Ne4 Red8 24. Nf2 Re8 25. Ne4 Red8 26. Nf2 1/2-1/2

[Event "Prague International Open"]
[Site "Prague CZE"]
[Date "2021.06.16"]
[Round "4.6"]
[White "Hrabusa, Matej"]
[Black "Hollan, Petr"]
[Result "1/2-1/2"]
[WhiteTitle "IM"]
[BlackTitle "FM"]
[WhiteElo "2359"]
[BlackElo "2275"]
[WhiteFideId "14908042"]
[BlackFideId "360945"]
[EventDate "2021.06.14"]

1. e4 c5 2. Nf3 Nc6 3. Bb5 e6 4. Bxc6 bxc6 5. d3 d5 6. O-O Ne7 7. b3 Ng6 8. Nc3
Be7 9. Re1 O-O 10. Ba3 c4 11. Bxe7 Qxe7 12. bxc4 dxc4 13. d4 e5 14. Nxe5 Nxe5
15. dxe5 Qxe5 16. Qd2 Be6 17. Rad1 Qa5 18. Qe3 Rab8 19. f4 Rb2 20. Rd2 f6 21. h3
Bf7 22. Kh1 Re8 23. Qg3 Rbb8 24. Red1 Rb2 25. Kh2 Qa3 26. Re1 Rb7 27. Rde2 Rbe7
28. Qe3 Qa5 29. Rd2 Qc7 30. Qg3 Rd7 31. Rde2 Bh5 32. Rf2 Rde7 33. Rd2 Bg6 34.
Rde2 Bh5 35. Re3 Bg6 36. Qf3 Bf7 37. Kh1 Qd6 38. Qg4 Be6 39. Rd1 Qc5 40. Qf3 Rd7
41. Rxd7 Bxd7 42. Re1 Be6 43. Rd1 Qe7 44. Qf2 Bf7 45. Qd4 Qc7 46. Qd6 Qa5 1/2-1/2

[Event "Prague International Open"]
[Site "Prague CZE"]
[Date "2021.06.16"]
[Round "4.7"]
[White "Simek, Petr2"]
[Black "Finek, Vaclav"]
[Result "1/2-1/2"]
[WhiteTitle "FM"]
[BlackTitle "FM"]
[WhiteElo "2251"]
[BlackElo "2359"]
[WhiteFideId "319260"]
[BlackFideId "23718293"]
[EventDate "2021.06.14"]

1. d4 Nf6 2. Nf3 g6 3. g3 Bg7 4. Bg2 O-O 5. O-O d5 6. c4 c6 7. b3 dxc4 8. bxc4
c5 9. Bb2 Nfd7 10. Qc1 cxd4 11. Nxd4 Nc5 12. Nb3 Nba6 13. Bxg7 Kxg7 14. Nc3 Be6
15. Nd5 Bxd5 16. cxd5 Nxb3 17. Qb2+ f6 18. Qxb3 Nc5 19. Qe3 Qd6 20. Rad1 Rac8
21. Rd4 Rc7 22. h4 b6 23. Bf3 Qe5 24. Qd2 Rd7 25. Rd1 Nb7 26. Kg2 Nd6 27. h5 Nf7
28. Bg4 f5 29. f4 Qf6 30. Bf3 Rfd8 31. e3 Rc7 32. Rc1 Rdc8 33. Rc6 Rxc6 34. dxc6
Nd6 35. hxg6 hxg6 36. Qc2 Rc7 37. Qb3 Ne4 38. Bxe4 fxe4 39. Qd5 Qxc6 40. Qxc6
Rxc6 41. Rxe4 Rc2+ 42. Kf3 Kf6 43. a4 a5 44. g4 Rb2 45. g5+ Kf7 46. Rc4 b5 47.
axb5 Rxb5 48. Rc6 a4 49. Ra6 1/2-1/2

[Event "Prague International Open"]
[Site "Prague CZE"]
[Date "2021.06.16"]
[Round "4.8"]
[White "Sorm, Daniel"]
[Black "Hajiyev, Kanan"]
[Result "1-0"]
[WhiteTitle "FM"]
[BlackTitle "FM"]
[WhiteElo "2345"]
[BlackElo "2102"]
[WhiteFideId "5400139"]
[BlackFideId "13404148"]
[EventDate "2021.06.14"]

1. Nf3 d5 2. b3 Nf6 3. Bb2 g6 4. c4 c6 5. cxd5 cxd5 6. Bxf6 exf6 7. e3 Bg7 8. d4
O-O 9. Be2 f5 10. O-O Nd7 11. Nc3 Nf6 12. Rc1 Ne4 13. b4 Be6 14. Qb3 g5 15. Rfd1
Rc8 16. Qa3 Qe7 17. Qb2 h6 18. Na4 Rxc1 19. Rxc1 Rc8 20. Rxc8+ Bxc8 21. Qc2 Be6
22. a3 Qd6 23. Nc5 Qc6 24. Bd3 Qc8 25. Kf1 b6 26. Na6 Nc3 27. b5 Bf8 28. a4 f6
29. Nb8 Qxb8 30. Qxc3 g4 31. Qc6 Bf7 32. Nh4 Qxh2 33. Qxf6 Qh1+ 34. Ke2 f4 35.
Bh7+ Kxh7 36. Qxf7+ Bg7 37. Nf5 f3+ 38. Kd2 1-0

[Event "Prague International Open"]
[Site "Prague CZE"]
[Date "2021.06.16"]
[Round "4.10"]
[White "Ludvik, Tomas"]
[Black "Wachinger, Nikolas"]
[Result "0-1"]
[WhiteTitle "FM"]
[WhiteElo "2203"]
[BlackElo "2369"]
[WhiteFideId "367664"]
[BlackFideId "12962791"]
[EventDate "2021.06.14"]

1. d4 Nf6 2. c4 c5 3. d5 e5 4. Nc3 d6 5. e4 Be7 6. Bd3 Nbd7 7. Nge2 O-O 8. O-O
Ne8 9. Ng3 Bg5 10. a3 g6 11. Qg4 Bxc1 12. Raxc1 Ng7 13. f4 exf4 14. Qxf4 Ne5 15.
Qd2 Bd7 16. Rf4 a6 17. Kh1 Qg5 18. Rcf1 h5 19. R4f2 Qxd2 20. Rxd2 h4 21. Nge2
Nh5 22. Nf4 Nf6 23. b3 Kg7 24. Be2 Rae8 25. Nd3 b5 26. Nxe5 Rxe5 27. Bd3 b4 28.
axb4 cxb4 29. Na2 a5 30. Re2 Bg4 31. Re3 Rfe8 32. Rf4 g5 33. Rf1 Nxe4 34. Bxe4
Rxe4 35. Rxe4 Rxe4 36. Nc1 Re3 37. Kg1 Rc3 38. Kf2 Rc2+ 39. Kg1 Kg6 40. h3 Bf5
41. Re1 Kf6 42. Ne2 Rd2 43. Nc1 Bc2 44. Rf1+ Ke5 45. Rxf7 Rd1+ 46. Rf1 Rxf1+ 47.
Kxf1 Kd4 48. Ke2 Kc3 49. Ke3 a4 50. Ne2+ Kxb3 51. Nd4+ Kxc4 52. Nxc2 b3 0-1

[Event "Prague International Open"]
[Site "Prague CZE"]
[Date "2021.06.17"]
[Round "5.1"]
[White "Blohberger, Felix"]
[Black "Plat, Vojtech"]
[Result "1-0"]
[WhiteTitle "IM"]
[BlackTitle "GM"]
[WhiteElo "2475"]
[BlackElo "2521"]
[WhiteFideId "1632051"]
[BlackFideId "325740"]
[EventDate "2021.06.14"]

1. d4 Nf6 2. c4 g6 3. Nc3 d5 4. Nf3 Bg7 5. h4 dxc4 6. e4 c5 7. d5 b5 8. h5 b4 9.
h6 Bf8 10. Na4 Nxe4 11. Bxc4 Qa5 12. b3 Nd6 13. Nb2 Nd7 14. Bf4 Bb7 15. Ne5 Nf6
16. Qe2 O-O-O 17. Nxf7 Nxf7 18. Qe6+ Nd7 19. Qxf7 Qb6 20. d6 g5 21. Bg3 Bxg2 22.
O-O-O exd6 23. Rhe1 Qb7 24. Bxd6 Bxd6 25. Rxd6 Qf3 26. Qxf3 Bxf3 27. Re7 Bg4 28.
Nd3 Rde8 29. Rg7 Re4 30. Ba6+ Kc7 31. Rdxd7+ Bxd7 32. Rxd7+ Kxd7 33. Nxc5+ Ke7
34. Nxe4 Rf8 35. Kd2 Rf4 36. Ke3 Rh4 37. Nxg5 Rxh6 38. Bd3 Rh1 39. Nxh7 Ra1 40.
f4 Rxa2 41. f5 Kf7 42. f6 Kg8 43. Ng5 Rh2 44. Bg6 1-0

[Event "Prague International Open"]
[Site "Prague CZE"]
[Date "2021.06.17"]
[Round "5.2"]
[White "Nasuta, Grzegorz"]
[Black "Sorm, Daniel"]
[Result "1-0"]
[WhiteTitle "GM"]
[BlackTitle "FM"]
[WhiteElo "2512"]
[BlackElo "2345"]
[WhiteFideId "1141686"]
[BlackFideId "5400139"]
[EventDate "2021.06.14"]

1. e4 c6 2. d4 d5 3. e5 Bf5 4. Nd2 e6 5. Nb3 Bb4+ 6. c3 Ba5 7. h4 h6 8. h5 Bb6
9. Be3 Nd7 10. g4 Be4 11. f3 Bh7 12. f4 f6 13. Nf3 Qc7 14. Bd3 Bxd3 15. Qxd3
O-O-O 16. O-O-O Ne7 17. Kb1 Rdf8 18. Rdf1 fxe5 19. fxe5 c5 20. Qe2 c4 21. Nbd2
Ba5 22. Nh4 Nb6 23. Kc1 Qc6 24. Nb1 Qa4 25. a3 Qb3 26. Rh2 Na4 27. Rhf2 Re8 28.
Qc2 Qb5 29. Rf7 Rhg8 30. R1f2 Nc6 31. Ng6 Bd8 32. Nd2 Na5 33. g5 hxg5 34. Rg2
Nb3+ 35. Nxb3 cxb3 36. Qe2 Qc6 37. Qd3 Kb8 38. Bxg5 Ba5 39. Ne7 Qc7 40. Rgf2
Bxc3 41. bxc3 b2+ 42. Kb1 Qb6 43. Qc2 Qa5 44. Nxg8 Nxc3+ 45. Kxb2 Rc8 46. Rf8
Na4+ 47. Ka1 Qe1+ 48. Qc1 1-0

[Event "Prague International Open"]
[Site "Prague CZE"]
[Date "2021.06.17"]
[Round "5.3"]
[White "Krzyzanowski, Marcin"]
[Black "Petr, Martin"]
[Result "1/2-1/2"]
[WhiteTitle "GM"]
[BlackTitle "GM"]
[WhiteElo "2503"]
[BlackElo "2489"]
[WhiteFideId "1132199"]
[BlackFideId "318299"]
[EventDate "2021.06.14"]

1. d4 Nf6 2. Bf4 g6 3. Nc3 d5 4. e3 Bg7 5. Nb5 Na6 6. Nf3 O-O 7. h3 c6 8. Nc3
Nb8 9. Be2 b5 10. O-O a5 11. a4 b4 12. Na2 Ba6 13. c3 bxc3 14. Nxc3 Nbd7 15.
Bxa6 Rxa6 16. Qe2 Rb6 17. Rfc1 Re8 18. Bh2 Qa8 19. Rc2 Nh5 20. Rac1 Nhf6 21. Qe1
e6 22. Bc7 Rb7 23. Bd6 Bf8 24. Bxf8 Rxf8 25. e4 Kg7 26. Ne5 Rb4 27. Nxd7 Nxd7
28. exd5 exd5 29. Ne2 Re8 30. Qd2 Re6 31. Nf4 Rf6 32. Qe3 Qb8 33. g3 Rb6 34. h4
h5 35. Kg2 Qd6 36. Re1 Rb4 37. b3 Nf8 38. Rc3 Ne6 39. Ne2 c5 40. Rd1 c4 41. bxc4
dxc4 42. Qe5 Nc7 43. Nf4 Rxa4 44. Rf3 Ra2 45. Qg5 Kh7 46. Qc5 Qxc5 47. dxc5 Na6
48. Rd6 Rxd6 49. cxd6 Rd2 50. Nd3 Nb8 51. Ne5 Rxd6 52. Rxf7+ Kg8 53. Rc7 Na6 54.
Rc8+ Kg7 55. Nxc4 Rd5 56. Ra8 Rc5 57. Ra7+ Rc7 58. Rxc7+ Nxc7 59. Nxa5 Kf6 60.
f4 Nd5 61. Nc4 Ne7 62. Ne3 Nf5 63. Nc4 Ke6 64. Kf3 Nd4+ 65. Kf2 Nf5 66. Ne5 Kf6
67. Kg2 Ne3+ 68. Kf3 Nf5 69. Nd3 Nd4+ 70. Kf2 Nf5 71. Nc1 Nd4 72. Kg2 Ke6 73.
Nd3 Kf6 74. Nf2 Kf5 75. Kh3 Ne2 76. Nd3 Nd4 77. Nc5 Ne2 78. Nd7 Nd4 79. Ne5 Ne2
80. Nf3 Ke4 81. Kg2 Nxf4+ 82. gxf4 Kxf4 83. Kf2 Kg4 84. Ke2 Kf4 85. Kf2 Kg4 86.
Kg2 1/2-1/2

[Event "Prague International Open"]
[Site "Prague CZE"]
[Date "2021.06.17"]
[Round "5.4"]
[White "Kulhanek, Tomas"]
[Black "Greenfeld, Alon"]
[Result "1/2-1/2"]
[WhiteTitle "IM"]
[BlackTitle "GM"]
[WhiteElo "2315"]
[BlackElo "2507"]
[WhiteFideId "309656"]
[BlackFideId "2800039"]
[EventDate "2021.06.14"]

1. e4 c5 2. c3 d6 3. d4 Nf6 4. Bd3 g6 5. Nf3 Bg7 6. h3 O-O 7. O-O Na6 8. Re1 Nc7
9. a4 b6 10. Na3 Bb7 11. d5 e6 12. c4 a6 13. Rb1 b5 14. b3 Re8 15. Bg5 h6 16.
Bh4 exd5 17. cxd5 g5 18. Bg3 Nh5 19. Bh2 Nf4 20. Bxf4 gxf4 21. axb5 axb5 22.
Nxb5 Na6 23. Bc4 Qf6 24. Qd2 Re7 25. e5 dxe5 26. d6 Re6 27. Bd5 Bxd5 28. Qxd5
Rd8 29. Qb7 Nb4 30. Nd2 Nc2 31. Rec1 Qg6 32. Qc7 Bf6 33. Qxc5 Nd4 34. Nxd4 exd4
35. Re1 Rexd6 36. Rbd1 Kh7 37. Qc4 Rd5 38. Ne4 d3 39. Nxf6+ Qxf6 40. Qe4+ Kg7
41. Rd2 Rd4 42. Qf3 Qf5 43. Kh2 Rb8 44. Rb1 Rbb4 45. Rbb2 Rd6 46. Rb1 Qd5 47.
Qxd5 Rxd5 48. g4 Kf6 49. Kg2 Ke5 50. Kf3 Rbb5 51. Rc1 Rxb3 52. Rc4 Rd4 53. Rc7
f6 54. Rc5+ Rd5 55. Rc4 Rd4 56. Rc5+ Ke6 57. Rf5 Rbb4 58. Rh5 Rbc4 59. Rxh6 Rc2
60. Rd1 Rc3 61. Rd2 Rc2 62. Rd1 Rc3 63. Rd2 Rc2 64. Rd1 Ke5 1/2-1/2

[Event "Prague International Open"]
[Site "Prague CZE"]
[Date "2021.06.17"]
[Round "5.5"]
[White "Soural, Jan"]
[Black "Kraus, Tomas"]
[Result "0-1"]
[BlackTitle "IM"]
[WhiteElo "2246"]
[BlackElo "2466"]
[WhiteFideId "311928"]
[BlackFideId "331708"]
[EventDate "2021.06.14"]

1. c4 c6 2. Nf3 d5 3. e3 Nf6 4. Nc3 e6 5. Qc2 Nbd7 6. b3 Bd6 7. Be2 O-O 8. Bb2
Re8 9. O-O dxc4 10. Bxc4 Nb6 11. Be2 e5 12. d3 Bf5 13. Ne4 Nxe4 14. dxe4 Bg4 15.
Rfd1 Qe7 16. h3 Bxf3 17. Bxf3 Ba3 18. Bc3 Qc5 19. Rd2 a5 20. Rb1 f6 21. h4 Bb4
22. Bb2 Qxc2 23. Rxc2 Kf8 24. Bc1 Ke7 25. Kf1 Kd7 26. Bg4+ Kc7 27. h5 h6 28. a3
Bf8 29. Bb2 Rad8 30. Bc3 Ra8 31. a4 Bb4 32. Bxb4 axb4 33. Rd1 Red8 34. Ke1 Rxd1+
35. Bxd1 Nc8 36. Be2 Nd6 37. f3 Ra5 38. Kd2 Kb6 39. Bc4 Rc5 40. Be6 Rxc2+ 41.
Kxc2 Ka5 42. Bd7 c5 43. Kd3 c4+ 44. bxc4 b6 45. g4 Nb7 46. Bc6 Nc5+ 47. Kc2 Nxa4
48. Bb5 Nc5 49. Bc6 Ne6 50. Bd5 Ng5 51. f4 Nh3 52. fxe5 fxe5 53. Kb3 Nf2 54. Be6
Nd3 55. Bd5 Nc5+ 56. Kb2 Ka6 57. Bc6 Ka7 58. Be8 Kb8 59. Kc2 Kc7 60. Bg6 Kd8 61.
Bf5 Ke7 62. Kb2 Kf6 63. Kc2 Kg5 64. Kd2 Kh4 65. Kc2 Kg3 66. Kd2 Kf3 67. Kc2 Kxe3 0-1

[Event "Prague International Open"]
[Site "Prague CZE"]
[Date "2021.06.17"]
[Round "5.6"]
[White "Rasik, Vitezslav"]
[Black "Pavlidis, Anastasios"]
[Result "1/2-1/2"]
[WhiteTitle "GM"]
[BlackTitle "IM"]
[WhiteElo "2451"]
[BlackElo "2333"]
[WhiteFideId "300306"]
[BlackFideId "4208404"]
[EventDate "2021.06.14"]

1. e4 e5 2. Nf3 Nc6 3. Bb5 Nge7 4. O-O Ng6 5. d4 exd4 6. Nxd4 Bc5 7. Nf5 O-O 8.
Be3 Bxe3 9. Nxe3 Qg5 10. Nc3 a6 11. Bd3 Nce7 12. Qd2 Nf4 13. Rad1 d6 14. g3 Nxd3
15. Qxd3 Bh3 16. Rfe1 Ng6 17. Ncd5 c6 18. f4 Qh5 19. Nc3 Rad8 20. Qe2 Qc5 21.
Qc4 Qh5 22. Qe2 Qc5 23. Qc4 Qh5 1/2-1/2

[Event "Prague International Open"]
[Site "Prague CZE"]
[Date "2021.06.17"]
[Round "5.7"]
[White "Neuman, Petr"]
[Black "Seemann, Jakub"]
[Result "1-0"]
[WhiteTitle "GM"]
[BlackTitle "FM"]
[WhiteElo "2394"]
[BlackElo "2305"]
[WhiteFideId "305243"]
[BlackFideId "21874697"]
[EventDate "2021.06.14"]

1. e4 e5 2. Nf3 Nc6 3. d4 exd4 4. Nxd4 Nf6 5. Nc3 Bb4 6. Nxc6 bxc6 7. Bd3 d5 8.
exd5 O-O 9. O-O Bg4 10. Be2 Bxe2 11. Nxe2 cxd5 12. Bg5 Rb8 13. Nd4 Rb6 14. c3
Bc5 15. b4 Bxd4 16. Qxd4 h6 17. Be3 a6 18. f3 Re8 19. Bf2 Rbe6 20. a4 Qd7 21.
Rfd1 Re2 22. Rd2 Qf5 23. Rad1 Qd7 24. Rxe2 Rxe2 25. Qd3 Ra2 26. a5 Qc6 27. Re1
Ne8 28. Qf5 Nd6 29. Qe5 f6 30. Qe6+ Kh7 31. Bd4 Qc4 32. h4 Qd3 33. Qg4 Re2 34.
Rxe2 Qxe2 35. h5 Qd3 36. Qe6 Qb1+ 37. Kh2 Qc1 38. Qxd5 Qf4+ 39. Kg1 Qc1+ 40. Kf2
Qc2+ 41. Kg3 Qd2 42. Qe6 Qc1 43. Kh2 Qf4+ 44. Kg1 Qc1+ 45. Kf2 Qc2+ 46. Qe2 Qb1
47. Qxa6 Nf5 48. Qf1 1-0